Designers' handbook of booklets and brochures
| Main Author: | |
|---|---|
| Format: | Book |
| Published: |
New York :
RC Publications ,
C1997
|
| Subjects: |
MARC
| LEADER | 00000cam a2200000 7i4500 | ||
|---|---|---|---|
| 001 | 0000009938 | ||
| 005 | 20050503.0 | ||
| 020 | |a 1883915031 | ||
| 040 | |a INS | ||
| 090 | 0 | 0 | |a Z246 |b D57 1997 |
| 100 | 1 | |a Ivinski, Pamela A. | |
| 245 | 1 | 0 | |a Designers' handbook of booklets and brochures |c Pamela A. Ivinski |
| 260 | |a New York : |b RC Publications , |c C1997 | ||
| 300 | |a 172p. : |b ill. col. ; |c 27.5 cm. | ||
| 650 | 0 | 0 | |a Pamphelts |
| 650 | 0 | 0 | |a Pictorical marks |
| 999 | |a 0000009205 |b BOOK |c Open Shelf |e Default branch | ||